[Event "IECG CP.2000.Q.00025"]
[Site "IECG email"]
[Date "2001.10.01"]
[Round "?"]
[White "Garay, Luis M"]
[Black "Pidwell, Arryn Allen"]
[Result "0-1"]
[WhiteElo "2287"]
[BlackElo "1696"]
[PlyCount "70"]
[EventDate "2001.10.01"]
[EventType "tourn (corr)"]
[EventRounds "6"]
[SourceTitle "Corr 2024"]
[Source "ChessBase"]
[SourceDate "2023.10.19"]
[SourceVersion "1"]
[SourceVersionDate "2023.10.19"]
[SourceQuality "1"]

1. e4 e5 2. Nf3 Nc6 3. Bb5 a6 4. Ba4 Nf6 5. 0-0 Nxe4 6. d4 exd4 7. Re1 d5 8. Nxd4 Bd6 9. Nxc6 Bxh2+ 10. Kh1 Qh4 11. Rxe4+ dxe4 12. Qd8+ Qxd8 13. Nxd8+ Kxd8 14. Kxh2 Be6 15. Be3 f5 16. Nd2 Ke7 17. f3 exf3 18. Nxf3 h6 19. c3 g5 20. Re1 b5 21. Bc5+ Kf7 22. Ne5+ Kg7 23. Bd1 Rae8 24. Bh5 Bxa2 25. Bd4 c5 26. Bxc5 Re6 27. Bd4 Rd8 28. Ra1 Rxd4 29. cxd4 Bd5 30. Rc1 Rd6 31. Rc7+ Kf8 32. b4 Be6 33. Ng6+ Ke8 34. Rh7 Kd8 35. Ne5 Bb3 0-1

[Event "IECG WC.2002.T.00003 email"]
[Site "IECG email"]
[Date "2001.06.15"]
[Round "?"]
[White "Evans, Gordon R"]
[Black "Garay, Luis M"]
[Result "1/2-1/2"]
[WhiteElo "2226"]
[BlackElo "2277"]
[PlyCount "64"]
[EventDate "2001.06.15"]
[EventType "tourn (corr)"]
[EventRounds "10"]
[SourceTitle "Corr 2008"]
[Source "ChessBase"]
[SourceDate "2008.06.24"]
[SourceVersion "1"]
[SourceVersionDate "2008.06.24"]
[SourceQuality "1"]

1. d4 Nf6 2. Nf3 e6 3. Bg5 c5 4. e3 Be7 5. Nbd2 b6 6. c3 Bb7 7. Bd3 cxd4 8. exd4 d6 9. 0-0 Nbd7 10. Re1 0-0 11. a4 a6 12. Qe2 Re8 13. Nf1 Qc7 14. Ng3 Bf8 15. Rad1 g6 16. Ne4 Bg7 17. Nxf6+ Nxf6 18. Bxf6 Bxf6 19. Be4 Bxe4 20. Qxe4 d5 21. Qd3 Qc6 22. Ra1 b5 23. axb5 axb5 24. h3 Qc4 25. Qd2 Ra4 26. Rxa4 bxa4 27. Ra1 Qb5 28. Qc2 Rb8 29. Rxa4 Qxb2 30. Qxb2 Rxb2 31. c4 dxc4 32. Rxc4 h5 1/2-1/2

[Event "IECG WC.2002.T.00003 email"]
[Site "IECG email"]
[Date "2001.06.15"]
[Round "?"]
[White "Garay, Luis M"]
[Black "Bystrov, Sergey Mikhailovich"]
[Result "1/2-1/2"]
[WhiteElo "2277"]
[BlackElo "2378"]
[PlyCount "97"]
[EventDate "2001.06.15"]
[EventType "tourn (corr)"]
[EventRounds "10"]
[SourceTitle "Corr 2008"]
[Source "ChessBase"]
[SourceDate "2008.06.24"]
[SourceVersion "1"]
[SourceVersionDate "2008.06.24"]
[SourceQuality "1"]

1. e4 c5 2. Nf3 Nc6 3. d4 cxd4 4. Nxd4 Nf6 5. Nc3 d6 6. Bg5 e6 7. Qd2 Be7 8. 0-0-0 0-0 9. f4 Qa5 10. Nb3 Qb6 11. Kb1 Rd8 12. Bd3 h6 13. h4 Ng4 14. Qe2 h5 15. f5 Qf2 16. Rdf1 Qxe2 17. Bxe2 a6 18. Bxg4 hxg4 19. Bxe7 Nxe7 20. fxe6 Bxe6 21. Nd4 Nc6 22. Rd1 Rac8 23. Nf5 Bxf5 24. exf5 Ne7 25. f6 Nf5 26. Nd5 Re8 27. Rhf1 Ne3 28. Nxe3 Rxe3 29. Kc1 Re6 30. Rd4 Re2 31. Rd2 Re6 32. fxg7 Rc4 33. Rdf2 Re7 34. Rf6 Re2 35. c3 Rxg2 36. Rxf7 Rg1 37. Rxg1 Kxf7 38. Kd2 Re4 39. Kd3 d5 40. b3 b5 41. Rf1+ Kxg7 42. Rf5 g3 43. Rg5+ Kf6 44. Rxg3 Rxh4 45. Re3 a5 46. a3 a4 47. b4 Kf5 48. Re8 Rg4 49. Re7 1/2-1/2

[Event "IECG WC.2002.T.00003 email"]
[Site "IECG email"]
[Date "2001.06.15"]
[Round "?"]
[White "Garay, Luis M"]
[Black "May, Hans Werner"]
[Result "1/2-1/2"]
[WhiteElo "2277"]
[BlackElo "2339"]
[PlyCount "56"]
[EventDate "2001.06.15"]
[EventType "tourn (corr)"]
[EventRounds "10"]
[SourceTitle "Corr 2008"]
[Source "ChessBase"]
[SourceDate "2008.06.24"]
[SourceVersion "1"]
[SourceVersionDate "2008.06.24"]
[SourceQuality "1"]

1. e4 e5 2. Nf3 Nc6 3. Bb5 a6 4. Ba4 Nf6 5. 0-0 Nxe4 6. d4 b5 7. Bb3 d5 8. dxe5 Be6 9. Nbd2 Nc5 10. c3 Bg4 11. Bc2 d4 12. Nb3 d3 13. Bb1 Qd5 14. Nxc5 Bxc5 15. Qxd3 Qxd3 16. Bxd3 0-0-0 17. Be4 Bxf3 18. gxf3 Nxe5 19. b4 Bd6 20. a4 Kd7 21. Be3 Nc4 22. Rfe1 Nxe3 23. axb5 axb5 24. Ra6 Ke7 25. Bc6 Rb8 26. Rxe3+ Kf6 27. Ra5 Bf4 28. Rd3 Rhd8 1/2-1/2

[Event "IECG LM.2001.0.00006 email"]
[Site "IECG email"]
[Date "2001.02.04"]
[Round "?"]
[White "Garay, Luis M"]
[Black "Lanin, Boris Aleksandrovic"]
[Result "1/2-1/2"]
[WhiteElo "2270"]
[BlackElo "2033"]
[PlyCount "80"]
[EventDate "2001.02.04"]
[EventType "tourn (corr)"]
[EventRounds "14"]
[SourceTitle "Corr 2008"]
[Source "ChessBase"]
[SourceDate "2008.06.24"]
[SourceVersion "1"]
[SourceVersionDate "2008.06.24"]
[SourceQuality "1"]

1. e4 Nc6 2. Nf3 e5 3. Bb5 Nd4 4. Nxd4 exd4 5. 0-0 Bc5 6. d3 c6 7. Ba4 Ne7 8. f4 d5 9. f5 dxe4 10. dxe4 0-0 11. Bb3 b6 12. f6 gxf6 13. Bh6 Ng6 14. Bxf8 Kxf8 15. Kh1 Ne5 16. Qh5 Kg7 17. Nd2 Bg4 18. Qh4 Be2 19. Rf5 Ng6 20. Qh3 d3 21. c3 Qe7 22. Re1 Bd6 23. g3 Rd8 24. Bd1 Bxd1 25. Rxd1 Qe6 26. Qf1 Be5 27. Ra1 c5 28. Qf3 b5 29. Qe3 b4 30. Qxc5 bxc3 31. bxc3 Rc8 32. Qe3 Bxc3 33. Rd1 Ne5 34. Nf3 Ng4 35. Qxa7 Rc4 36. Rf4 Rxe4 37. Rxd3 Rxf4 38. gxf4 Qe2 39. Qg1 Qxd3 40. Qxg4+ Kf8 1/2-1/2

[Event "IECG LM.2001.0.00006 email"]
[Site "IECG email"]
[Date "2001.02.04"]
[Round "?"]
[White "Mueller, Klaus Detlef"]
[Black "Garay, Luis M"]
[Result "1/2-1/2"]
[WhiteElo "2453"]
[BlackElo "2270"]
[PlyCount "56"]
[EventDate "2001.02.04"]
[EventType "tourn (corr)"]
[EventRounds "14"]
[SourceTitle "Corr 2008"]
[Source "ChessBase"]
[SourceDate "2008.06.24"]
[SourceVersion "1"]
[SourceVersionDate "2008.06.24"]
[SourceQuality "1"]

1. d4 Nf6 2. c4 e6 3. g3 d5 4. Nf3 Be7 5. Bg2 0-0 6. 0-0 dxc4 7. Qc2 a6 8. a4 Bd7 9. Qxc4 Bc6 10. Bg5 Bd5 11. Qc2 Be4 12. Qc1 Nc6 13. Nbd2 Nxd4 14. Nxd4 Bxg2 15. Nxe6 fxe6 16. Kxg2 Qd5+ 17. Nf3 c5 18. Rd1 Qc6 19. a5 h6 20. Bd2 Rad8 21. Qc2 Qe4 22. Qxe4 Nxe4 23. Be3 Rxd1 24. Rxd1 Rd8 25. Rc1 Rd5 26. Rc4 Nf6 27. Ne1 Nd7 28. Nd3 Kf7 1/2-1/2

[Event "IECG CM.2000.0.00124"]
[Site "IECG email"]
[Date "2000.12.07"]
[Round "?"]
[White "Garay, Luis M"]
[Black "Schulze, Michael"]
[Result "0-1"]
[WhiteElo "2271"]
[BlackElo "2396"]
[PlyCount "66"]
[EventDate "2000.12.07"]
[EventType "tourn (corr)"]
[EventRounds "6"]
[SourceTitle "Corr 2008"]
[Source "ChessBase"]
[SourceDate "2008.06.24"]
[SourceVersion "1"]
[SourceVersionDate "2008.06.24"]
[SourceQuality "1"]

1. e4 c5 2. Nf3 d6 3. d4 cxd4 4. Nxd4 Nf6 5. Nc3 a6 6. Bg5 e6 7. f4 Qc7 8. Qf3 b5 9. Bxf6 gxf6 10. e5 d5 11. exf6 b4 12. Nce2 Nd7 13. f5 e5 14. Ne6 fxe6 15. fxe6 Nxf6 16. Qxf6 Bg7 17. Qf5 Rf8 18. Qh5+ Kd8 19. Rd1 Bxe6 20. Qxh7 Kc8 21. g3 Kb7 22. Qh4 Rab8 23. Qxb4+ Ka7 24. Qa3 Qb6 25. Rd3 Qf2+ 26. Kd1 Bh6 27. c4 dxc4 28. Rd6 Rb6 29. Rxb6 Qxb6 30. Qe7+ Kb8 31. Bg2 Rd8+ 32. Ke1 Bd2+ 33. Kf1 Bb4 0-1

[Event "IECG CM.2000.0.00124"]
[Site "IECG email"]
[Date "2000.12.07"]
[Round "?"]
[White "Monacell, James P"]
[Black "Garay, Luis M"]
[Result "1/2-1/2"]
[WhiteElo "2365"]
[BlackElo "2271"]
[PlyCount "57"]
[EventDate "2000.12.07"]
[EventType "tourn (corr)"]
[EventRounds "6"]
[SourceTitle "Corr 2008"]
[Source "ChessBase"]
[SourceDate "2008.06.24"]
[SourceVersion "1"]
[SourceVersionDate "2008.06.24"]
[SourceQuality "1"]

1. d4 Nf6 2. c4 e6 3. Nc3 Bb4 4. Qc2 0-0 5. Nf3 c5 6. dxc5 Na6 7. Bd2 Nxc5 8. a3 Bxc3 9. Bxc3 Nce4 10. Bxf6 Nxf6 11. e4 d6 12. Bd3 e5 13. 0-0 Be6 14. Ne1 Rc8 15. a4 a5 16. Qe2 Qb6 17. Nc2 Nd7 18. b3 Nc5 19. Rab1 Na6 20. Ne3 Nb4 21. Rfd1 Nc6 22. Nf5 Qd8 23. Qe3 Rc7 24. Qg3 g6 25. Bc2 Rd7 26. Rd2 Kh8 27. Rbd1 gxf5 28. exf5 Nd4 29. fxe6 1/2-1/2

[Event "IECG CP.1998.S.00005"]
[Site "IECG email"]
[Date "2000.10.01"]
[Round "?"]
[White "Miraglia, Jorge"]
[Black "Garay, Luis M"]
[Result "0-1"]
[WhiteElo "2126"]
[BlackElo "2264"]
[PlyCount "112"]
[EventDate "2000.10.01"]
[EventType "tourn (corr)"]
[EventRounds "6"]
[EventCountry "AUT"]
[SourceTitle "Corr 2008"]
[Source "ChessBase"]
[SourceDate "2008.06.24"]
[SourceVersion "1"]
[SourceVersionDate "2008.06.24"]
[SourceQuality "1"]

1. e4 e5 2. Bc4 Nf6 3. d3 c6 4. Bb3 d5 5. Nf3 Bd6 6. Nc3 dxe4 7. Nxe4 Nxe4 8. dxe4 Bg4 9. Bg5 f6 10. Bh4 Na6 11. c3 Nc5 12. Bc2 Qe7 13. Qe2 Ne6 14. Bg3 0-0-0 15. 0-0-0 Ng5 16. Kb1 Kb8 17. h3 Bh5 18. Bh2 Nxf3 19. gxf3 Bc7 20. h4 Rd7 21. Rxd7 Qxd7 22. Rd1 Qe7 23. Rd2 Rd8 24. Rxd8+ Qxd8 25. Bg3 g5 26. Qe3 h6 27. Kc1 Bf7 28. Kb1 Qd6 29. b3 a5 30. Kb2 b5 31. Bd3 Kb7 32. Bc2 Bb6 33. Qe1 b4 34. Kc1 Be6 35. Bb1 a4 36. Bc2 axb3 37. axb3 bxc3 38. Qxc3 Qa3+ 39. Qb2 Qb4 40. Bd1 Bd4 41. Qc2 c5 42. Qa2 f5 43. exf5 Bxf5 44. Bc2 Qe1+ 45. Bd1 Qc3+ 46. Bc2 Bg6 47. b4 Qxc2+ 48. Qxc2 Bxc2 49. Kxc2 gxh4 50. Bxh4 cxb4 51. Be7 Bc3 52. f4 exf4 53. Bd6 h5 54. Kd3 Kc6 55. Bxf4 h4 56. Kc4 Kd7 0-1

[Event "IECG WC.2002.S.00004 email"]
[Site "IECG email"]
[Date "2000.??.??"]
[Round "?"]
[White "Bourquin, Pascal"]
[Black "Garay, Luis M"]
[Result "1/2-1/2"]
[WhiteElo "2360"]
[BlackElo "2261"]
[PlyCount "63"]
[EventDate "2000.03.10"]
[EventType "tourn (corr)"]
[EventRounds "8"]
[SourceTitle "Corr 2008"]
[Source "ChessBase"]
[SourceDate "2008.06.24"]
[SourceVersion "1"]
[SourceVersionDate "2008.06.24"]
[SourceQuality "1"]

1. c4 g6 2. g3 c5 3. Bg2 Bg7 4. Nc3 Nc6 5. a3 Nf6 6. Rb1 a5 7. Nh3 d5 8. cxd5 Nxd5 9. Qb3 Nb6 10. Qb5 c4 11. Nf4 0-0 12. Bxc6 bxc6 13. Qxc6 Bd7 14. Qg2 e5 15. Nfd5 Nxd5 16. Qxd5 Bf5 17. Qxd8 Rfxd8 18. Ra1 Rab8 19. f3 Be6 20. Kf2 f5 21. Rd1 Bf8 22. d3 cxd3 23. Rxd3 Bc5+ 24. Ke1 Rxd3 25. exd3 Kf7 26. Rb1 Bb3 27. Bd2 Bc2 28. Rc1 Rxb2 29. Nd1 Ra2 30. Nc3 Rb2 31. Nd1 Ra2 32. Nc3 1/2-1/2

[Event "IECG WC.2002.S.00004 email"]
[Site "IECG email"]
[Date "2000.??.??"]
[Round "?"]
[White "Vnukov, Denis"]
[Black "Garay, Luis M"]
[Result "0-1"]
[WhiteElo "1445"]
[BlackElo "2261"]
[PlyCount "106"]
[EventDate "2000.03.10"]
[EventType "tourn (corr)"]
[EventRounds "8"]
[SourceTitle "Corr 2008"]
[Source "ChessBase"]
[SourceDate "2008.06.24"]
[SourceVersion "1"]
[SourceVersionDate "2008.06.24"]
[SourceQuality "1"]

1. d4 Nf6 2. c4 g6 3. g3 Bg7 4. Nf3 0-0 5. Bg2 d6 6. 0-0 Nbd7 7. Nc3 e5 8. e4 c6 9. b3 a6 10. h3 Re8 11. d5 cxd5 12. cxd5 Nc5 13. Ne1 a5 14. Nd3 b6 15. Nxc5 bxc5 16. Re1 h6 17. Qc2 Nh5 18. Be3 f5 19. exf5 gxf5 20. Qd1 Nf6 21. Qd2 Kh7 22. Rac1 Rg8 23. Kh2 Qe8 24. Na4 Bb7 25. Nc3 Qh5 26. Qd1 Qg6 27. Bf1 Bh8 28. Bc4 Raf8 29. Rg1 Bc8 30. Bd3 Bb7 31. Bf1 Bg7 32. Bc4 Rd8 33. Bd3 Kh8 34. Bf1 Bf8 35. Bg2 Rd7 36. Bf3 Rh7 37. Qd2 Ng4+ 38. Bxg4 fxg4 39. h4 Rf7 40. Rcd1 Ba6 41. Na4 Be7 42. Rh1 Rgf8 43. Kg1 h5 44. Nb2 Rf3 45. Rc1 Qe4 46. Rh2 R8f7 47. Na4 Bf8 48. Nc3 Qf5 49. Na4 Kh7 50. Rd1 Bh6 51. Bxh6 Rd3 52. Qc1 Rxd1+ 53. Qxd1 Kxh6 0-1

[Event "IECG CP.1999.P.00033"]
[Site "IECG email"]
[Date "1999.10.01"]
[Round "?"]
[White "Horbach, Frank"]
[Black "Garay, Luis M"]
[Result "1-0"]
[WhiteElo "1621"]
[BlackElo "2271"]
[PlyCount "113"]
[EventDate "1999.10.01"]
[EventType "tourn (corr)"]
[EventRounds "6"]
[EventCountry "GER"]
[SourceTitle "Corr 2008"]
[Source "ChessBase"]
[SourceDate "2008.06.24"]
[SourceVersion "1"]
[SourceVersionDate "2008.06.24"]
[SourceQuality "1"]

1. d4 Nf6 2. c4 g6 3. Nc3 Bg7 4. Nf3 0-0 5. e4 d6 6. Bg5 h6 7. Bf4 Nc6 8. d5 e5 9. Be3 Ne7 10. h3 Nd7 11. Qd2 Kh7 12. g4 f5 13. exf5 gxf5 14. Qc2 Kg8 15. g5 f4 16. Bc1 Nc5 17. gxh6 Bf5 18. Qd2 Bxh6 19. b4 Nd7 20. Rg1+ Kh8 21. Nh4 Bh7 22. Bb2 a5 23. bxa5 Nxd5 24. Nxd5 Qxh4 25. Rg4 Qd8 26. Bd3 Nf6 27. Nxf6 Qxf6 28. Bxh7 Kxh7 29. Qd5 Ra7 30. Rd1 Qf7 31. Qe4+ Qf5 32. Qd5 Rd8 33. Kf1 Bg5 34. Rxg5 Qxg5 35. Qf7+ Qg7 36. Qh5+ Kg8 37. Bxe5 Rxa5 38. Qh4 Rxe5 39. Qxd8+ Kh7 40. Qh4+ Qh6 41. Qg4 Qh5 42. Rd4 Qxg4 43. hxg4 f3 44. Rf4 Kg6 45. Rxf3 Re4 46. Rc3 Rxg4 47. Rg3 Rxg3 48. fxg3 Kf5 49. Kg2 Ke4 50. g4 c6 51. Kg3 d5 52. c5 d4 53. g5 d3 54. Kf2 d2 55. Ke2 Kf5 56. Kxd2 Kxg5 57. Kc3 1-0

[Event "IECG CP.1999.P.00033"]
[Site "IECG email"]
[Date "1999.10.01"]
[Round "?"]
[White "Pilich, Lee"]
[Black "Garay, Luis M"]
[Result "0-1"]
[WhiteElo "800"]
[BlackElo "2271"]
[PlyCount "28"]
[EventDate "1999.10.01"]
[EventType "tourn (corr)"]
[EventRounds "6"]
[EventCountry "GER"]
[SourceTitle "Corr 2008"]
[Source "ChessBase"]
[SourceDate "2008.06.24"]
[SourceVersion "1"]
[SourceVersionDate "2008.06.24"]
[SourceQuality "1"]

1. e4 e5 2. f4 exf4 3. Nf3 Ne7 4. d4 d5 5. Nc3 dxe4 6. Nxe4 Nd5 7. c3 Qe7 8. Qe2 Nc6 9. Nc5 Qxe2+ 10. Bxe2 Bxc5 11. dxc5 Bg4 12. 0-0 0-0-0 13. Bc4 Bxf3 14. Rxf3 g5 0-1

[Event "IECG CP.1998.Q.00019"]
[Site "IECG email"]
[Date "1999.??.??"]
[Round "?"]
[White "Garay, Luis M"]
[Black "Emonot, Philippe"]
[Result "1-0"]
[WhiteElo "2271"]
[BlackElo "2095"]
[PlyCount "113"]
[EventDate "1999.10.01"]
[EventType "tourn (corr)"]
[EventRounds "8"]
[EventCountry "CAN"]
[SourceTitle "Corr 2008"]
[Source "ChessBase"]
[SourceDate "2008.06.24"]
[SourceVersion "1"]
[SourceVersionDate "2008.06.24"]
[SourceQuality "1"]

1. e4 c5 2. Nf3 e6 3. d4 cxd4 4. Nxd4 a6 5. Bd3 Nf6 6. 0-0 Qc7 7. Qe2 d6 8. c4 g6 9. Nc3 Bg7 10. Rd1 0-0 11. Nf3 Nbd7 12. Bf4 Ng4 13. Rac1 Nge5 14. b3 b6 15. Bb1 Nxf3+ 16. Qxf3 Ne5 17. Qe2 Bb7 18. Qd2 Rfd8 19. Bg5 f6 20. Be3 Rab8 21. h3 Nf7 22. f4 f5 23. exf5 exf5 24. Qf2 Bc6 25. Nd5 Bxd5 26. Rxd5 Re8 27. a4 Qc6 28. Bd3 b5 29. axb5 axb5 30. Bd4 bxc4 31. Bxc4 Re4 32. Bxg7 Kxg7 33. Qb2+ Kf8 34. Qf6 Qb6+ 35. Kh2 Qd8 36. Rxd6 Qxf6 37. Rxf6 Re7 38. g4 Kg7 39. Re6 Rxe6 40. Bxe6 Nd6 41. Kg2 Kf6 42. Bd5 fxg4 43. hxg4 Rb5 44. Rd1 Ke7 45. Re1+ Kd7 46. Be6+ Kc6 47. Rc1+ Kb6 48. Rh1 Rb4 49. Kf3 Nb5 50. Bc4 Nd4+ 51. Ke3 Nxb3 52. Bxb3 Rxb3+ 53. Ke4 h5 54. gxh5 gxh5 55. Rxh5 Kc6 56. Kf5 Kd7 57. Kf6 1-0

[Event "IECG CP.1998.Q.00019"]
[Site "IECG email"]
[Date "1999.??.??"]
[Round "?"]
[White "Jelen, Jean Luc"]
[Black "Garay, Luis M"]
[Result "0-1"]
[WhiteElo "1975"]
[BlackElo "2271"]
[PlyCount "88"]
[EventDate "1999.10.01"]
[EventType "tourn (corr)"]
[EventRounds "8"]
[EventCountry "CAN"]
[SourceTitle "Corr 2008"]
[Source "ChessBase"]
[SourceDate "2008.06.24"]
[SourceVersion "1"]
[SourceVersionDate "2008.06.24"]
[SourceQuality "1"]

1. e4 e5 2. Nf3 Nc6 3. Bb5 a6 4. Ba4 Nf6 5. 0-0 Be7 6. Re1 b5 7. Bb3 0-0 8. a4 Bb7 9. d3 d6 10. Nc3 Na5 11. axb5 Nxb3 12. cxb3 axb5 13. Rxa8 Qxa8 14. Nxb5 Qa5 15. Nc3 c5 16. Nd2 Rb8 17. Nc4 Qc7 18. f4 Nd7 19. fxe5 dxe5 20. Rf1 Bc6 21. Ne3 Qb7 22. Qh5 f6 23. Ncd5 Nf8 24. Qg4 Kh8 25. Bd2 Ng6 26. Nxe7 Qxe7 27. Rc1 Qd6 28. Rc3 Qd4 29. Kh1 Rd8 30. h3 Bb5 31. Nc4 Bxc4 32. bxc4 Qf2 33. Bc1 Nf4 34. Bxf4 Qxb2 35. Bxe5 Ra8 36. Bh2 Qxc3 37. Qd7 Qd4 38. Qxd4 cxd4 39. Bg1 Kg8 40. Bxd4 Rd8 41. Bb6 Rxd3 42. Kg1 Rc3 43. c5 Kf7 44. Kf2 Ke6 0-1

[Event "IECC P email"]
[Site "IECC email"]
[Date "1998.10.10"]
[Round "?"]
[White "Poschmann, Hans"]
[Black "Garay, Luis M"]
[Result "1-0"]
[WhiteElo "2215"]
[BlackElo "2231"]
[PlyCount "87"]
[EventDate "1998.??.??"]
[EventType "tourn (corr)"]
[EventRounds "6"]
[SourceTitle "Corr 2008"]
[Source "ChessBase"]
[SourceDate "2008.06.24"]
[SourceVersion "1"]
[SourceVersionDate "2008.06.24"]
[SourceQuality "1"]

1. b4 e5 2. Bb2 f6 3. b5 d5 4. e3 c5 5. d4 exd4 6. exd4 c4 7. a4 Bb4+ 8. Bc3 Qe7+ 9. Ne2 a5 10. g3 Qe4 11. Rg1 Ne7 12. Bg2 Qe6 13. Qd2 Qd6 14. Kd1 0-0 15. Re1 Bg4 16. Kc1 Be6 17. h4 Re8 18. Qf4 Qd8 19. h5 Nd7 20. g4 Nb6 21. Bh3 Nec8 22. Bd2 Bxd2+ 23. Nxd2 Nd6 24. Nc3 Nf7 25. Nf3 Qd7 26. Re3 Nh6 27. Nh2 Bf7 28. Kd2 Rxe3 29. Qxe3 Re8 30. Qg3 Qe7 31. f4 Kh8 32. Nf1 Ng8 33. Ne3 Qd6 34. Nf5 Qd8 35. g5 fxg5 36. fxg5 Bxh5 37. Nd6 Re7 38. Rf1 Qa8 39. Bf5 Qa7 40. Qh4 g6 41. Bc8 h6 42. Rf8 Nd7 43. Bxd7 Re4 44. Qf2 1-0

[Event "IECG CM.1998.0.00057"]
[Site "IECG email"]
[Date "1998.??.??"]
[Round "?"]
[White "Daurelle, Herve"]
[Black "Garay, Luis M"]
[Result "1/2-1/2"]
[WhiteElo "2268"]
[BlackElo "2258"]
[PlyCount "99"]
[EventDate "1998.09.16"]
[EventType "tourn (corr)"]
[EventRounds "6"]
[SourceTitle "Corr 2008"]
[Source "ChessBase"]
[SourceDate "2008.06.24"]
[SourceVersion "1"]
[SourceVersionDate "2008.06.24"]
[SourceQuality "1"]

1. e4 e5 2. Nf3 Nc6 3. Bb5 a6 4. Ba4 Nf6 5. 0-0 Be7 6. Re1 b5 7. Bb3 d6 8. c3 0-0 9. h3 Bb7 10. d4 Re8 11. a4 h6 12. Nbd2 Bf8 13. Bc2 exd4 14. cxd4 Nb4 15. Bb1 c5 16. d5 Nd7 17. Ra3 c4 18. Nd4 Qf6 19. N2f3 Nc5 20. axb5 axb5 21. Ree3 Rxa3 22. bxa3 Nbd3 23. Bxd3 cxd3 24. Qe1 Qf4 25. Nd2 Qe5 26. Nxb5 Qa1 27. Nf1 Qb1 28. Nc3 Qa1 29. Bd2 Qxa3 30. Qb1 Qb3 31. Re1 Be7 32. Qxb3 Nxb3 33. Be3 Nc5 34. f3 Ba6 35. Rb1 h5 36. Nd1 g6 37. Rb6 Ra8 38. Nf2 h4 39. Nd2 Kg7 40. Ng4 Nd7 41. Rb3 Rc8 42. Ra3 Bb5 43. Ra5 Rb8 44. Nf2 Bf6 45. Ra3 Nc5 46. Ng4 Bb2 47. Ra7 Nd7 48. Ra2 Bc3 49. Bf2 Rc8 50. Ne3 1/2-1/2

[Event "IECG CP.1996.F.00002"]
[Site "IECG email"]
[Date "1998.??.??"]
[Round "?"]
[White "Taboada, Pedro Pablo"]
[Black "Garay, Luis M"]
[Result "1/2-1/2"]
[WhiteElo "2285"]
[BlackElo "2256"]
[PlyCount "75"]
[EventDate "1998.10.20"]
[EventType "tourn (corr)"]
[EventRounds "8"]
[SourceTitle "Corr 2008"]
[Source "ChessBase"]
[SourceDate "2008.06.24"]
[SourceVersion "1"]
[SourceVersionDate "2008.06.24"]
[SourceQuality "1"]

1. d4 Nf6 2. c4 e6 3. Nf3 b6 4. g3 Ba6 5. b3 Bb4+ 6. Bd2 Be7 7. Bg2 c6 8. Bc3 d5 9. Ne5 Nfd7 10. Nxd7 Nxd7 11. Nd2 0-0 12. 0-0 Rc8 13. e4 c5 14. exd5 exd5 15. dxc5 dxc4 16. c6 cxb3 17. Re1 Bb5 18. axb3 Bxc6 19. Bxc6 Rxc6 20. Rxa7 Bf6 21. Nc4 Nc5 22. Qxd8 Rxd8 23. Bxf6 gxf6 24. Ree7 Nxb3 25. Ne3 Rf8 26. Nf5 h5 27. Re3 Rc1+ 28. Kg2 Nc5 29. Ree7 Rd1 30. Ne3 Rd4 31. Rac7 Kh7 32. Rc6 Nd7 33. Nf5 Rd5 34. Nd6 Rc5 35. Nxf7 Kg6 36. Rxc5 Nxc5 37. Nd6 Rd8 38. Nb5 1/2-1/2